El agua y las organizaciones sociales : (Registro nro. 7802)

Detalles MARC
000 -LEADER
fixed length control field 01305nam a2200265Ia 4500
003 - CONTROL NUMBER IDENTIFIER
control field OSt
005 - DATE AND TIME OF LATEST TRANSACTION
control field 20210513141424.0
008 - FIXED-LENGTH DATA ELEMENTS--GENERAL INFORMATION
fixed length control field 210310s1998 ck gr 000 0 spa d
020 ## - INTERNATIONAL STANDARD BOOK NUMBER
International Standard Book Number 9589272916
040 ## - CATALOGING SOURCE
Original cataloging agency CO-JMCR
Transcribing agency CO-JMCR
041 0# - LANGUAGE CODE
Language code of text/sound track or separate title spa
082 04 - DEWEY DECIMAL CLASSIFICATION NUMBER
Classification number 333.916 /
Item number G177a
Edition number 23
100 1# - MAIN ENTRY--PERSONAL NAME
Personal name Galán, Alberto,
9 (RLIN) 15220
Relator term coordinador
245 03 - TITLE STATEMENT
Title El agua y las organizaciones sociales :
Remainder of title cinco estudios de caso /
Statement of responsibility, etc. coordinador técnico, Alberto Galán
260 ## - PUBLICATION, DISTRIBUTION, ETC.
Place of publication, distribution, etc. [Bogotá] :
Name of publisher, distributor, etc. Fescol : DNP,
Date of publication, distribution, etc. 1998
300 ## - PHYSICAL DESCRIPTION
Extent 265 páginas ;
Dimensions 23 cm.
500 ## - GENERAL NOTE
General note Incluye notas a pie de página
504 ## - BIBLIOGRAPHY, ETC. NOTE
Bibliography, etc. note Incluye bibliografía al final de cada capítulo.
505 0# - FORMATTED CONTENTS NOTE
Formatted contents note Análisis de los cinco casos estudiados -- Informe de las cinco experiencias analizadas
520 3# - SUMMARY, ETC.
Summary, etc. Este libro segunda publicación del proyecto de participación ciudadana en el diseño y desarrollo de una política para el manejo integral del agua presenta los resultados de análisis de cinco estudios de caso en los cuales la sociedad civil ha participado en el manejo del recurso hídrico, así como la evaluación de los mismos.
650 14 - SUBJECT ADDED ENTRY--TOPICAL TERM
Topical term or geographic name entry element Utilización del agua
9 (RLIN) 15500
Geographic subdivision Colombia
650 24 - SUBJECT ADDED ENTRY--TOPICAL TERM
Topical term or geographic name entry element Abastecimiento de agua
Geographic subdivision Colombia
9 (RLIN) 36391
650 24 - SUBJECT ADDED ENTRY--TOPICAL TERM
Topical term or geographic name entry element Manejo de cuencas hidrográficas
Geographic subdivision Colombia
9 (RLIN) 37615
942 ## - ADDED ENTRY ELEMENTS (KOHA)
Source of classification or shelving scheme Dewey Decimal Classification
Koha item type Books
Existencias
Withdrawn status Lost status Source of classification or shelving scheme Damaged status Not for loan Collection code Home library Current library Date acquired Source of acquisition Full call number Barcode Date last seen Copy number Koha item type
    Dewey Decimal Classification     Non-fiction Biblioteca Pública José María del Castillo y Rada Biblioteca Pública José María del Castillo y Rada 04/15/2018 Donación 333.916 / G177a 430003692 05/16/2024 Ej.1 Books